| 000 | 01411cam a2200337 a 4500 | ||
|---|---|---|---|
| 001 | 15578337 | ||
| 005 | 20090408094535.0 | ||
| 008 | 090107s2010 nyua b 001 0 eng | ||
| 010 | _a 2009000302 | ||
| 020 | _a9780131364271 (pbk. : alk. paper) | ||
| 020 | _a0131364278 (pbk. : alk. paper) | ||
| 035 | _a(OCoLC)ocn268788315 | ||
| 035 | _a(OCoLC)268788315 | ||
| 040 |
_aDLC _cDLC _dBTCTA _dYDXCP _dC#P _dBWX _dDLC |
||
| 050 | 0 | 0 |
_aQA76.73.J38 _bL493 2010 |
| 082 | 0 | 0 |
_a005.133 _222 _bLEW |
| 100 | 1 |
_aLewis, John, _d1963- _911366 |
|
| 245 | 1 | 0 |
_aJava software structures : _bdesigning and using data structures / _cJohn Lewis, Joseph Chase. |
| 250 | _a3rd ed. | ||
| 260 |
_aNew York : _bAddison-Wesley, _cc2010. |
||
| 300 |
_axxiv, 564 p. : _bill. ; _c23 cm. |
||
| 500 | _aIncludes Index. | ||
| 504 | _aIncludes bibliographical references and index. | ||
| 650 | 0 |
_aJava (Computer program language) _911367 |
|
| 650 | 0 |
_aData structures (Computer science) _911368 |
|
| 650 | 0 |
_aComputer software _xDevelopment. _911369 |
|
| 700 | 1 |
_aChase, Joseph, _d1964- _911370 |
|
| 942 |
_2ddc _cBB |
||
| 999 |
_c13383 _d13383 |
||